[Event "Let's Play Chess!"]
[Site "http://www.queenalice.com/game.php?id=643484"]
[Date "2009.8.28"]
[Round "-"]
[White "Ecuberli"]
[Black "rubensar"]
[Result "1-0"]
[WhiteElo "1902"]
[BlackElo "1915"]

1. d4 Nf6 2. Nf3 e6 3. c4 Be7 4. Nc3 d6 5. e4 O-O 6. Be2 b6 7. O-O c5 8. h3 Bb7
9. d5 exd5 10. exd5 Bc8 11. Bd3 Nbd7 12. Bf4 h6 13. Re1 Re8 14. Qd2 Nh7 15. Re2
Bf6 16. Rxe8+ Qxe8 17. Nb5 Be5 18. Nc7 Bxf4 19. Qxf4 Qd8 20. Nxa8 Bb7 21. Qxd6
Bxa8 22. Bxh7+ Kxh7 23. Re1 1-0

[Event "Let's Play Chess!"]
[Site "http://www.queenalice.com/game.php?id=643539"]
[Date "2009.8.28"]
[Round "-"]
[White "Ecuberli"]
[Black "egs19690901"]
[Result "1-0"]
[WhiteElo "2020"]
[BlackElo "1582"]

1. b4 e5 2. Bb2 d6 3. g3 Nf6 4. Bg2 a6 5. c4 Nc6 6. b5 Na5 7. d3 axb5 8. cxb5
Nh5 9. Nd2 d5 10. Bxe5 f6 11. Bb2 d4 12. Ngf3 Bb4 13. Nxd4 O-O 14. O-O c6 15.
bxc6 bxc6 16. Nxc6 Nxc6 17. Bxc6 Ra7 18. Qb3+ Kh8 19. Qxb4 Rc7 20. Bf3 g6 21.
Bxh5 gxh5 22. Ne4 Rb7 23. Qc3 Rb6 24. Qd4 Qxd4 25. Bxd4 Rc6 26. Rac1 Bb7 27.
Rxc6 Bxc6 28. Nxf6 Kg7 29. Nd7+ Kf7 30. Nxf8 Kxf8 31. Rc1 1-0

[Event "Challenge"]
[Site "http://www.queenalice.com/game.php?id=643592"]
[Date "2009.8.28"]
[Round "-"]
[White "Ecuberli"]
[Black "tariann"]
[Result "1-0"]
[WhiteElo "1744"]
[BlackElo "1975"]

1. e3 e5 2. c4 Nf6 3. Nc3 d5 4. cxd5 Nxd5 5. Nf3 Nc6 6. Bb5 Nxc3 7. bxc3 Bd7 8.
d4 exd4 9. exd4 Bd6 10. O-O O-O 11. h3 a6 12. Bd3 Re8 13. Ng5 h6 14. Qh5 Re7 15.
Bd2 Qf8 16. Nh7 g6 17. Nf6+ Kh8 18. Qh4 h5 19. Nxh5 1-0

[Event "AUTO-OPEN-1672"]
[Site "http://www.queenalice.com/game.php?id=643596"]
[Date "2009.8.28"]
[Round "1"]
[White "Ecuberli"]
[Black "Pagano"]
[Result "0-1"]
[WhiteElo "2040"]
[BlackElo "2123"]

1. d4 d5 2. c4 c6 3. Nf3 Nf6 4. Qc2 dxc4 5. Qxc4 Bf5 6. Ne5 e6 7. Nc3 Bd6 8. Bg5
h6 9. Bh4 Nbd7 10. Nxd7 Qxd7 11. Bxf6 gxf6 12. e4 Bg6 13. g3 b5 14. Qe2 Bb4 15.
a3 Ba5 16. Rd1 h5 17. Bg2 Ke7 18. h4 Rad8 19. O-O Bb6 20. d5 a6 21. d6+ Kf8 22.
Kh1 e5 23. f4 Bd4 24. f5 Bh7 25. Qxh5 Qxd6 26. Ne2 c5 27. Rd2 Ke7 28. Qf3 Rdg8
29. Rfd1 Rg7 30. b4 Rhg8 31. bxc5 Qxc5 32. Nxd4 Rxg3 33. Nb3 Qc6 34. Qh5 Rxg2
35. Qxh7 Rxd2 36. Nxd2 Qc2 37. Qh5 Rg3 38. Qe2 Rh3+ 39. Kg2 Rxh4 40. Qf2 Qxd1
41. Qxh4 Qxd2+ 42. Kf3 Qd3+ 43. Kf2 Qd2+ 44. Kf1 Qf4+ 45. Qxf4 exf4 0-1

[Event "AUTO-OPEN-1672"]
[Site "http://www.queenalice.com/game.php?id=643597"]
[Date "2009.8.28"]
[Round "1"]
[White "Pagano"]
[Black "Ecuberli"]
[Result "0-1"]
[WhiteElo "2121"]
[BlackElo "1937"]

1. f4 d5 2. Nf3 c5 3. b3 Bg4 4. e3 Nc6 5. Bb5 Nf6 6. Bb2 Qb6 7. Bxc6+ Qxc6 8.
O-O g6 9. h3 Bxf3 10. Qxf3 Bg7 11. d3 O-O 12. Nd2 Rac8 13. g4 Rfd8 14. g5 Ne8
15. Bxg7 Nxg7 16. e4 dxe4 17. Nxe4 Nf5 18. Qf2 b6 19. Rae1 a5 20. Ng3 Nxg3 21.
Qxg3 e6 22. h4 b5 23. Re2 c4 24. dxc4 bxc4 25. h5 c3 26. hxg6 hxg6 27. Rh2 Rd2
28. Rxd2 cxd2 29. c4 Rd8 30. Rd1 Qe4 31. Qf2 Qc2 32. Qe2 Rd3 33. Kf2 Qc3 34. Rh1
Qd4+ 0-1

[Event "AUTO-OPEN-1672"]
[Site "http://www.queenalice.com/game.php?id=643598"]
[Date "2009.8.28"]
[Round "1"]
[White "Ecuberli"]
[Black "JAmaro"]
[Result "1-0"]
[WhiteElo "2020"]
[BlackElo "1850"]

1. c4 e5 2. Nc3 Nc6 3. g3 g6 4. Bg2 Bg7 5. d3 d6 6. e3 Nf6 7. Nge2 h5 8. h3 Qd7
9. Rb1 a6 10. b4 b6 11. b5 Bb7 12. bxc6 Bxc6 13. Nd5 Nxd5 14. cxd5 Ba4 15. Qd2
h4 16. g4 Bf6 17. Nc3 b5 18. Nxa4 bxa4 19. O-O Bg5 20. f4 Bh6 21. fxe5 dxe5 22.
d6 Rc8 23. dxc7 Qxc7 24. Ba3 Qa7 25. Qb4 Bf8 26. Qxa4+ Qd7 27. Qxd7+ Kxd7 28.
Rb7+ Rc7 29. Rxf7+ Ke6 30. Rbxc7 Bxa3 31. Rcd7 Rc8 32. Bd5# 1-0

[Event "AUTO-OPEN-1672"]
[Site "http://www.queenalice.com/game.php?id=643599"]
[Date "2009.8.28"]
[Round "1"]
[White "JAmaro"]
[Black "Ecuberli"]
[Result "0-1"]
[WhiteElo "1824"]
[BlackElo "1984"]

1. d4 Nf6 2. Nf3 g6 3. b3 Bg7 4. g3 O-O 5. h3 c5 6. Bb2 cxd4 7. Bxd4 Nc6 8. g4
Nxd4 9. Nxd4 Ne4 10. h4 Qa5+ 11. c3 Nxc3 12. Qd2 Bxd4 13. Qxd4 Nxb1+ 14. Kd1
Nc3+ 15. Kc2 Nb5 16. Qe5 Na3+ 0-1

[Event "AUTO-OPEN-1672"]
[Site "http://www.queenalice.com/game.php?id=643600"]
[Date "2009.8.28"]
[Round "1"]
[White "Ecuberli"]
[Black "aormic"]
[Result "0-1"]
[WhiteElo "2003"]
[BlackElo "2148"]

1. c4 e5 2. Nc3 Nc6 3. g3 d6 4. Bg2 f5 5. e3 Nf6 6. Nge2 g6 7. O-O Bg7 8. Rb1
Be6 9. d3 O-O 10. b4 Qd7 11. b5 Nd8 12. a4 d5 13. Ba3 Re8 14. cxd5 Nxd5 15. Qc2
Rc8 16. Rfc1 c6 17. Qd2 Nf7 18. bxc6 Rxc6 19. Nxd5 Bxd5 20. Bxd5 Qxd5 21. Rxc6
Qxc6 22. Qb4 Bf8 23. Qb3 Bxa3 24. Qxa3 b6 25. Rc1 Qb7 26. Nc3 a6 27. Qb4 Rc8 0-1

[Event "AUTO-OPEN-1672"]
[Site "http://www.queenalice.com/game.php?id=643601"]
[Date "2009.8.28"]
[Round "1"]
[White "aormic"]
[Black "Ecuberli"]
[Result "1-0"]
[WhiteElo "2156"]
[BlackElo "1993"]

1. e4 c5 2. Nc3 Nc6 3. g3 g6 4. Bg2 Bg7 5. d3 e6 6. Be3 d6 7. f4 Nge7 8. Nf3 O-O
9. O-O Nd4 10. Qd2 Rb8 11. Nd1 b5 12. c3 Nxf3+ 13. Bxf3 e5 14. d4 cxd4 15. cxd4
a6 16. Nf2 Bb7 17. Bg2 Nc6 18. fxe5 dxe5 19. d5 Nd4 20. Ng4 Qd6 21. Nh6+ Bxh6
22. Bxh6 Rfc8 23. Rac1 Rxc1 24. Rxc1 Rc8 25. Rxc8+ Bxc8 26. Be3 1-0

[Event "Challenge"]
[Site "http://www.queenalice.com/game.php?id=645572"]
[Date "2009.9.1"]
[Round "-"]
[White "Ecuberli"]
[Black "SirKnight"]
[Result "1-0"]
[WhiteElo "2022"]
[BlackElo "2056"]

1. d4 Nf6 2. c4 e6 3. Nf3 b6 4. a3 Bb7 5. Nc3 Be7 6. d5 exd5 7. cxd5 d6 8. e4
Nbd7 9. Nd4 O-O 10. Be2 Nc5 11. Qc2 Re8 12. O-O Bf8 13. Bb5 Ncd7 14. f3 a6 15.
Bc6 Bxc6 16. Nxc6 Qc8 17. Bf4 Nb8 18. Nd4 Nh5 19. Bd2 c6 20. g4 Nf6 21. Bg5 Nfd7
22. Rac1 cxd5 23. Nxd5 Qxc2 24. Rxc2 Ne5 25. Nc7 Nbd7 26. Nxa8 Rxa8 27. Rfc1 Nd3
28. Rc8 Rxc8 29. Rxc8 N3e5 30. Be7 g6 31. Bxd6 Kg7 32. Bxf8+ Nxf8 33. Kg2 Ne6
34. Nxe6+ 1-0

[Event "Challenge"]
[Site "http://www.queenalice.com/game.php?id=645794"]
[Date "2009.9.2"]
[Round "-"]
[White "Ecuberli"]
[Black "alexsoncini"]
[Result "1-0"]
[WhiteElo "2065"]
[BlackElo "2145"]

1. e4 e6 2. d4 d5 3. Nc3 Nf6 4. e5 Nfd7 5. f4 a6 6. Nf3 c5 7. Be3 Nc6 8. Qd2 b5
9. Be2 b4 10. Nd1 cxd4 11. Nxd4 Nxd4 12. Bxd4 f6 13. O-O Qc7 14. exf6 Nxf6 15.
Bxf6 gxf6 16. Bh5+ Kd8 17. f5 Qc5+ 18. Kh1 e5 19. c3 Qc4 20. Ne3 bxc3 21. bxc3
Qc5 22. Nxd5 Be7 23. Nb6+ Qd6 24. Qxd6+ 1-0

[Event "Challenge"]
[Site "http://www.queenalice.com/game.php?id=652041"]
[Date "2009.9.14"]
[Round "-"]
[White "Ecuberli"]
[Black "decimator"]
[Result "0-1"]
[WhiteElo "2028"]
[BlackElo "2299"]

1. e4 e5 2. d4 Bb4+ 3. c3 Ba5 4. dxe5 Nc6 5. Nf3 Nge7 6. b4 Bb6 7. b5 Na5 8. Be2
d5 9. exd6 cxd6 10. Bf4 Bc5 11. O-O O-O 12. Nbd2 b6 13. Nc4 Nxc4 14. Bxc4 Bb7
15. Bd5 Nxd5 16. exd5 Qf6 17. Qd2 Bxd5 18. Bg5 Qf5 19. Nh4 Qe6 20. Rfe1 Be4 21.
Qf4 f5 22. Qd2 f4 23. Bxf4 g5 24. Be3 gxh4 25. Bxc5 dxc5 26. f3 Qd5 27. Qf2 Bg6
28. Qxh4 Qd3 29. Rad1 Qxc3 30. Re7 Rad8 31. Rde1 Qd4+ 0-1

[Event "Challenge World Game #151"]
[Site "http://www.queenalice.com/game.php?id=652560"]
[Date "2009.9.17"]
[Round "-"]
[White "Aylton"]
[Black "Ecuberli"]
[Result "0-1"]
[WhiteElo "1912"]
[BlackElo "2092"]

1. c4 Nf6 2. Nc3 g6 3. d4 Bg7 4. e4 d6 5. f3 O-O 6. Bd3 e5 7. d5 c6 8. Nge2 cxd5
9. cxd5 a6 10. O-O b5 11. a3 Nbd7 12. b4 Nh5 13. Be3 f5 14. Rc1 Nb6 15. Qb3 Bd7
16. Rfd1 f4 17. Bf2 g5 18. h3 Nf6 19. Kh2 h5 20. Bxb6 Qxb6 21. a4 g4 22. axb5
gxf3 23. Ng1 Qf2 24. Nxf3 Bxh3 25. Rc2 Ng4+ 0-1

[Event "Challenge"]
[Site "http://www.queenalice.com/game.php?id=653892"]
[Date "2009.9.17"]
[Round "-"]
[White "Ecuberli"]
[Black "littleboo"]
[Result "0-1"]
[WhiteElo "2029"]
[BlackElo "2125"]

1. d4 d5 2. c4 dxc4 3. Nf3 Nf6 4. Qa4+ Nc6 5. Qxc4 Bf5 6. Nc3 e6 7. Bg5 Be7 8.
e3 O-O 9. Nh4 Nb4 10. Nxf5 exf5 11. Qb3 c5 12. Rd1 Qb6 13. dxc5 Qxc5 14. a3 Nc6
15. Be2 Rad8 16. O-O Ne4 17. Bxe7 Qxe7 18. Nd5 Qe6 0-1

[Event "Challenge"]
[Site "http://www.queenalice.com/game.php?id=653894"]
[Date "2009.9.17"]
[Round "-"]
[White "Ecuberli"]
[Black "isaacfieri"]
[Result "0-1"]
[WhiteElo "2005"]
[BlackElo "2357"]

1. Nf3 Nf6 2. c4 b6 3. d4 e6 4. a3 Bb7 5. Nc3 Be7 6. Bf4 O-O 7. e3 Nh5 8. Bg3 d6
9. Bd3 Nd7 10. d5 exd5 11. cxd5 Bf6 12. Nd4 Bxd4 13. Qxh5 Bxc3+ 14. bxc3 Nf6 15.
Qh4 Bxd5 16. Bf4 Be4 17. Be2 h6 18. Qh3 Nd5 19. O-O Nxc3 20. Bh5 Qf6 21. Rac1 g5
22. Bg3 Bf5 23. Bg4 Ne2+ 24. Kh1 Bxg4 25. Qxg4 Nxc1 26. Rxc1 Qb2 27. Rd1 Qc2 28.
f4 f6 29. h4 Rae8 30. hxg5 fxg5 31. fxg5 Qg6 32. Rd5 Rxe3 33. Kh2 Re4 34. Qh3
hxg5 35. Qd7 Qh6+ 36. Kg1 Rf1+ 0-1

[Event "Challenge"]
[Site "http://www.queenalice.com/game.php?id=653915"]
[Date "2009.9.17"]
[Round "-"]
[White "Ecuberli"]
[Black "thewhitebishop"]
[Result "0-1"]
[WhiteElo "2073"]
[BlackElo "2056"]

1. Nf3 Nf6 2. c4 g6 3. d4 Bg7 4. Nc3 d6 5. e4 O-O 6. Be2 c5 7. O-O Re8 8. h3 Na6
9. Be3 cxd4 10. Bxd4 e5 11. Be3 b6 12. a3 Bb7 13. Nd2 Nc5 14. f3 Rc8 15. b4 Ne6
16. Nb3 a6 17. Na4 Nc5 18. bxc5 bxc5 19. Bd2 Nh5 20. Na5 Ba8 21. Nb6 Qxb6 22.
Rb1 Qc7 23. Qe1 Rb8 24. g4 Rxb1 25. Qxb1 Nf4 26. Bxf4 exf4 27. Qe1 Rb8 28. Bd1
Bd4+ 29. Kh1 Bb2 30. Nb3 Bxa3 31. Qc3 Qd8 32. Bc2 Bb4 33. Qa1 Bc6 34. Qxa6 Qc7
35. Qa1 Qe7 36. Nc1 Ra8 37. Qb2 Qh4 38. Ne2 Qxh3+ 39. Kg1 Ra3 40. Qf6 Rxf3 41.
Rxf3 Qxf3 42. g5 Qg4+ 43. Kf2 Qh4+ 44. Kg2 Qg4+ 45. Kf2 Qe6 46. Qxf4 Qe5 47. Qg4
Qe6 48. Qf4 Qe5 49. Qg4 Bd2 50. Qc8+ Qe8 51. Qc7 Bxg5 52. Qxd6 Bxe4 53. Bxe4
Qxe4 54. Qxc5 Bh4+ 55. Kf1 Qf3+ 56. Kg1 Qxe2 0-1

[Event "Challenge"]
[Site "http://www.queenalice.com/game.php?id=653916"]
[Date "2009.9.17"]
[Round "-"]
[White "Ecuberli"]
[Black "butanito"]
[Result "0-1"]
[WhiteElo "2027"]
[BlackElo "2259"]

1. e4 c5 2. Nf3 d6 3. d4 cxd4 4. Nxd4 Nf6 5. Nc3 a6 6. Bc4 e6 7. O-O Be7 8. a3
b5 9. Ba2 O-O 10. f4 Bb7 11. f5 e5 12. Nde2 Nbd7 13. Ng3 Rc8 14. Kh1 Rxc3 15.
bxc3 Nxe4 16. Nxe4 Bxe4 17. Bd5 Bxd5 18. Qxd5 Qc7 19. Rf3 Nf6 20. Qd1 Ne4 21.
Qe1 d5 22. a4 bxa4 23. Rxa4 Qc6 24. Ra5 Rb8 25. Ba3 Bd8 26. Bb4 Bxa5 27. Bxa5
Nd2 0-1

[Event "Challenge"]
[Site "http://www.queenalice.com/game.php?id=654029"]
[Date "2009.9.17"]
[Round "-"]
[White "Ecuberli"]
[Black "josekasparov"]
[Result "0-1"]
[WhiteElo "2040"]
[BlackElo "2161"]

1. e4 c5 2. Nf3 d6 3. d4 cxd4 4. Nxd4 Nf6 5. Nc3 g6 6. Be3 Bg7 7. f3 Nc6 8. Qd2
Bd7 9. O-O-O O-O 10. g4 Qa5 11. Nb3 Qd8 12. h4 Ne5 13. Be2 b5 14. h5 a5 15. Bh6
a4 16. Bxg7 Kxg7 0-1

[Event "Challenge"]
[Site "http://www.queenalice.com/game.php?id=663322"]
[Date "2009.10.5"]
[Round "-"]
[White "Ecuberli"]
[Black "KLEOJ"]
[Result "0-1"]
[WhiteElo "2017"]
[BlackElo "2116"]

1. c4 Nf6 2. Nc3 e5 3. g3 d5 4. cxd5 Nxd5 5. Bg2 Nb6 6. Nf3 Nc6 7. O-O Be7 8. d3
O-O 9. a3 Be6 10. b4 Bf6 11. Bd2 Qd7 0-1